Estatísticas para Mapas de Bandeiras de Todos os Países do Mundo

Clique aqui para jogar o quiz

Estatísticas Gerais

  • Esse quiz foi jogado 11 704 vezes
  • A pontuação média é 104 de 196

Estatísticas das Respostas

Resposta% Correto
Austrália
98%
Reino Unido
97%
China
96%
Estados Unidos
96%
Canadá
93%
França
92%
Grécia
88%
Itália
88%
Alemanha
87%
Espanha
87%
Índia
87%
Portugal
87%
Argentina
86%
México
85%
Turquia
85%
Chile
84%
Rússia
84%
Suíça
84%
Brasil
83%
Croácia
83%
Jamaica
83%
Israel
81%
Noruega
81%
Ucrânia
81%
Bélgica
80%
Dinamarca
80%
Islândia
80%
Nova Zelândia
79%
Coreia do Norte
78%
África do Sul
77%
Colômbia
77%
Suécia
77%
Venezuela
75%
Cuba
74%
Panamá
74%
Vietname
74%
Equador
73%
Irlanda
73%
Finlândia
72%
Uruguai
72%
Japão
71%
Chipre
69%
Irão
69%
Polônia
69%
Bangladesh
68%
Arábia Saudita
67%
Áustria
67%
Estônia
67%
Indonésia
67%
Catar
66%
Coreia do Sul
66%
Egito
66%
Países Baixos
66%
Angola
65%
Filipinas
65%
Malásia
65%
Malta
65%
Paraguai
65%
Peru
65%
Senegal
65%
Líbano
64%
Paquistão
64%
República Checa
64%
Sérvia
64%
Camarões
63%
Cazaquistão
63%
Eslováquia
63%
Marrocos
63%
Tailândia
63%
Tunísia
62%
Albânia
61%
Nigéria
60%
Bósnia e Herzegovina
59%
Honduras
59%
Costa do Marfim
58%
Costa Rica
58%
Romênia
58%
Vaticano
58%
Eslovénia
57%
Geórgia
57%
Kosovo
57%
Macedónia do Norte
57%
Iraque
56%
Luxemburgo
56%
Argélia
55%
Bulgária
55%
Emirados Árabes Unidos
55%
Moçambique
54%
Nicarágua
54%
Laos
53%
Montenegro
53%
Singapura
53%
Butão
52%
El Salvador
52%
Haiti
52%
Síria
52%
Somália
52%
Taiwan
52%
Azerbaijão
51%
Bielorrússia
51%
Uzbequistão
51%
Gana
50%
Hungria
50%
Afeganistão
49%
Barbados
49%
Camboja
49%
Guatemala
49%
Moldávia
49%
República Dominicana
49%
Sri Lanka
49%
Letónia
48%
Mongólia
48%
Quênia
48%
San Marino
47%
Uganda
46%
Andorra
45%
Armênia
45%
Birmânia
45%
Papua Nova Guiné
45%
Quirguistão
45%
República Democrática do Congo
45%
Etiópia
43%
Madagáscar
43%
Turquemenistão
43%
Mali
42%
Níger
42%
Bahamas
41%
Bolívia
41%
Brunei
41%
Gabão
41%
Kuweit
41%
Liechtenstein
41%
Trinidad e Tobago
41%
Zâmbia
41%
Santa Lúcia
40%
Botswana
39%
Chade
39%
Eritreia
39%
Guiana
39%
Libéria
39%
Malawi
39%
Tajiquistão
39%
Belize
38%
Lituânia
38%
Mônaco
38%
Palau
38%
República Centro-Africana
38%
Seychelles
38%
Suriname
38%
Timor-Leste
38%
Burkina Faso
37%
Bahrein
36%
Jordânia
36%
Líbia
36%
Mauritânia
36%
Nepal
36%
República do Congo
36%
Essuatíni
35%
Iémen
35%
Togo
35%
Guiné
34%
Lesoto
34%
Namíbia
34%
Sudão
34%
Benim
33%
Burundi
33%
Dominica
32%
Sudão do Sul
32%
Tanzânia
32%
Gâmbia
31%
Antígua e Barbuda
30%
Omã
30%
Zimbábue
30%
Nauru
29%
Samoa
29%
Serra Leoa
29%
Djibouti
28%
Fiji
28%
Guiné-Bissau
28%
São Cristóvão e Nevis
28%
Maurícia
27%
Ruanda
27%
Comores
26%
São Vicente e Granadinas
26%
Estados Federados da Micronésia
25%
Granada
25%
Guiné Equatorial
25%
Ilhas Marshall
21%
Ilhas Salomão
21%
Cabo Verde
19%
Vanuatu
19%
Kiribati
17%
Tuvalu
17%
Maldivas
16%
São Tomé e Príncipe
15%
Tonga
15%

Distribuição das Pontuações

Percentil de Números Respondidos

Porcentagem de Pessoas com Cada Pontuação

Sua Pontuação Histórica

Você não jogou esse quiz